000 00583nam a2200217Ia 4500
003 OSt
005 20220926043407.0
006 a|||||r|||| 00| 0
007 ta
008 220923b |||||||| |||| 00| 0 eng d
037 _cGeneral Book
040 _aRTL
_cRTL
_beng
041 _2eng
_aeng
082 _aX9(D2).252.N6, K8
100 _aMisra Shridhar
245 0 _aComparative study of the economics of minor source
260 _c1968
650 _aEngineering
_92968
942 _hX9(D2).252.N6, K8
_cGB
_2CC
999 _c672167
_d672167